Catalog

Record Details

Catalog Search



Úvod do Písma sv. : Biblická archeologie a společenské formy SZ 1/3.  Cover Image Book Book

Úvod do Písma sv. : Biblická archeologie a společenské formy SZ 1/3. / Dominik Duka

Record details

  • Physical Description: 213 s.
  • Edition: 1. vyd.
  • Publisher: Praha : Kazatelské středisko Čs. provincie Řádu bratří Kazatelů, 1991
Subject: úvody
Bible. List Judův

Available copies

  • 1 of 1 copy available at Common Catalog SPOK.

Holds

  • 0 current holds with 1 total copy.
Show All Copies
Location Call Number / Copy Notes Barcode Shelving Location Status Due Date
KDS Library 2 DuD 204576803674 Library Available -

LDR 00791nam a2200241 a 4500
00123058
003CZ-PrJAB
00520220818065728.0
008030521nuuuuuuuuxr u cze
035 . ‡a(CZ PrCU)000385754
040 . ‡aABD064 ‡bcze
080 . ‡a2 Duka, Dominik ‡2s
080 . ‡a22.01 ‡2s
1001 . ‡aDuka, Dominik, ‡d1943-
24510. ‡aÚvod do Písma sv. : ‡bBiblická archeologie a společenské formy SZ ‡n1/3. / ‡cDominik Duka
250 . ‡a1. vyd.
260 . ‡aPraha : ‡bKazatelské středisko Čs. provincie Řádu bratří Kazatelů, ‡c1991
300 . ‡a213 s.
65004. ‡aúvody
63007. ‡aBible. ‡pList Judův ‡7unn2006374695 ‡2czenas
910 . ‡aABE463
901 . ‡a23058 ‡b ‡c23058 ‡tbiblio

Additional Resources